Integration of Entrepreneurship Competency Development in STEAM Education: A Case of Gamified Pedagogy and its Implications (Record no. 607424)
[ view plain ]
| 000 -LEADER | |
|---|---|
| fixed length control field | 00600nam a22001457a 4500 |
| 003 - CONTROL NUMBER IDENTIFIER | |
| control field | NUST |
| 082 ## - DEWEY DECIMAL CLASSIFICATION NUMBER | |
| Classification number | 005 |
| 100 ## - MAIN ENTRY--PERSONAL NAME | |
| Personal name | Iftikhar, Saira |
| 245 ## - TITLE STATEMENT | |
| Title | Integration of Entrepreneurship Competency Development in STEAM Education: A Case of Gamified Pedagogy and its Implications |
| Statement of responsibility, etc. | Saira Iftikhar |
| 264 ## - PRODUCTION, PUBLICATION, DISTRIBUTION, MANUFACTURE, AND COPYRIGHT NOTICE | |
| Place of production, publication, distribution, manufacture | Islamabad |
| Name of producer, publisher, distributor, manufacturer | School of Electrical Engineering and Computer Science, National University of Sciences and Technology (NUST),SEECS |
| Date of production, publication, distribution, manufacture, or copyright notice | 2023 |
| 300 ## - PHYSICAL DESCRIPTION | |
| Extent | ill: |
| Other physical details | 178,p. |
| Dimensions | 30,cm. |
| 650 ## - SUBJECT ADDED ENTRY--TOPICAL TERM | |
| Topical term or geographic name entry element | Department of Computing |
| 700 ## - ADDED ENTRY--PERSONAL NAME | |
| Personal name | Supervisor :Dr. Arham Muslim |
| 942 ## - ADDED ENTRY ELEMENTS (KOHA) | |
| Source of classification or shelving scheme | |
| Koha item type | Soft Copy |
No items available.
